000 01916nam a2200265Ia 4500
999 _c40013
_d40013
001 6619
003 GE_BSU
005 20191213120412.0
008 181216s2012||||ge |||||||||||||| ||geo||
020 _a9789941039614
040 _cGE_BSU
041 _ageo
080 _a398.22 მ-66
245 _aVI საერთაშორისო სიმპოზიუმი ლიტერატურათმცოდნეობის თანამედროვე პრობლემები. შუა საუკუნეების ლიტერატურული პროცესი. საქართველო, ევროპა, აზია = VI International Symposium Contemporary issues of literary criticism. Medieval literary processes. Europe, Asia, Georgia :
_b მასალები. ეძღვნება "ვეფხისტყაოსნის" პირველი ბეჭდური გამოცემის 300 წლისთავს /
_cრედ. ირმა რატიანი ; მხატვ. ნოდარ სუმბაძე
264 _aთბილისი :
_bლიტ-რის ინ-ტის გამ-ბა,
_c2012.
300 _a350 გვ.;
_b20 სმ.
500 _aმასალები ქართ., რუს. და ინგლ..
653 _a ლიტერატურათმცოდნეობა
653 _aსაერთაშორისო სიმპოზიუმები
700 _aრატიანი, ირმა
_eრედაქტორი
_95778
700 _aსუმბაძე, ნოდარ
_eმხატვარი
_95779
710 _aშოთა რუსთაველის ქართ. ლიტ. ინ-ტი
_95780
710 _aშოთა რუსთაველის ეროვნ. სამეცნ. ფონდი
_95797
942 _cBK
_2udc